000 00611nam a2200193Ia 4500
008 230921s9999||||xx |||||||||||||| ||und||
020 _a978-3-319-10061-6
022 _a1611-3349
041 _aEN
100 _aYukiko Nakano, Ken Satoh, Daisuke Bekki
245 0 _aNew Frontiers in Artificial Intelligence
250 _a2014
260 _c2014
_bSpringer International Publishing
300 _b8417
440 _aLecture Notes in Computer Science
856 _uhttps://doi.org/10.1007/978-3-319-10061-6
856 _uhttps://link.springer.com/openurl?genre=book&isbn=978-3-319-10061-6
942 _cEB
999 _c279023
_d279023